| 000 | 01091nam a22002657a 4500 | ||
|---|---|---|---|
| 001 | 0000001962 | ||
| 003 | PPM | ||
| 005 | 20251127133905.0 | ||
| 008 | 251127b ||||| |||| 00| 0 eng d | ||
| 020 |
_a9061914809 _cRM 107.89 _qHardback |
||
| 035 | _a0000001962 | ||
| 040 |
_aPPM _bEng _cPusat Penyelidikan Mineral, Jabatan Mineral Dan Geosains Malaysia _dPPM _erda |
||
| 082 | 0 | 0 |
_219 _a627.8 _bSHU 1987 |
| 100 | 1 |
_a Shulʹman, S. G. _eauthor _q(Sergeĭ Georgievich) |
|
| 245 | 1 | 0 |
_a Seismic Pressure Of Water On Hydraulic Structures / _cby S. G. Shulʼman |
| 260 | 1 |
_aRotterdam : _bA. A. Balkema, _c1987 |
|
| 300 | 0 | 0 |
_axiii, 184 pages .: _billustrations .; _c24 cm |
| 440 | 0 |
_aRussian translations series _vvolume 48 |
|
| 500 | _aTitle on t.p. verso: Seismicheskoe [sic] davlenie vody na gidrotekhnicheskie sooruzhenii [sic] | ||
| 504 | _aIncludes bibliographical references (p.: 173 - 184 ) | ||
| 650 | 1 | 0 |
_aHydraulic structures _xEarthquake effects. |
| 650 | 2 | 0 | _aHydrodynamics |
| 740 | 0 | _aSeĭsmicheskoe davlenie vody na gidrotekhnicheskie sooruzhenii︠a︡. | |
| 942 |
_2ddc _cBK |
||
| 999 |
_c26987 _d26987 |
||